| 000 | 00570nam a2200181 i 4500 | ||
|---|---|---|---|
| 001 | 162637 | ||
| 003 | ES-MaACL | ||
| 005 | 20230906212554.0 | ||
| 008 | 990420s1862 fr |||| | fre d | ||
| 040 |
_aM-RACM _bspa _cM-RACM _dCCPB | B |
||
| 100 | 0 |
_aProudhon, Pierre-Joseph. _994052 |
|
| 245 | 1 | 3 |
_aLa fédération et l'unite en Italié / _cpar P.-J. Proudhon. |
| 260 |
_aParis : _bE. Dentu, Libraire-Éditeur, _c1862. |
||
| 300 |
_a143 p. ; _c18 cm. |
||
| 597 | _aAntep. | ||
| 852 |
_aES-MaACL _jG-8547(1) _z-- Enc. hol. |
||
| 852 |
_aES-MaACL _jD-2356 _z-- Rúst. |
||
| 999 |
_c162637 _d162637 |
||